One Word Number 1 Hits - Statistics

General Stats
  • This quiz has been taken 46 times
  • The average score is 3 of 15
Answer Stats
Hint Answer % Correct
The Beatles - 1965 Help
75%
Madonna - 1990 Vogue
63%
Olivia Newton John & ELO - 1980 Xanadu
50%
Abba - 1976 Fernando
38%
Rod Stewart - 1975 Sailing
31%
Lady Gaga feat. Beyonce - 2010 Telephone
22%
Sweet - 1973 Blockbuster
19%
Pilot - 1975 January
19%
Take That - 1993 Pray
9%
Petula Clark - 1961 Sailor
9%
Andy Williams - 1957 Butterfly
6%
Oasis - 2015 Lyla
0%
Robbie Williams - 2004 Radio
0%
Ed Sheeran - 2013 Sing
0%
Everly Brothers - 1961 Temptation
0%
No matching quizzes found
Score Distribution
Percent of People with Each Score
Percentile by Number Answered
Your Score History
You have not taken this quiz